Traditional/ Cultural Clothing - Statistics

General Stats
  • This quiz has been taken 32 times
  • The average score is 7 of 16
Answer Stats
Picture Answer % Correct
German
92%
Korean
88%
Chinese
83%
Mexican
71%
Nigerian
67%
Sami
54%
Ukrainian
54%
Vietnamese
54%
Indonesian
46%
Aboriginal
29%
Siberian
25%
Quechua
21%
Amazigh
17%
Guatemalan
13%
Basque
8%
Xhosa
8%
No matching quizzes found
Score Distribution
Percent of People with Each Score
Percentile by Number Answered
Your Score History
You have not taken this quiz